<?xml version="1.0" encoding="UTF-8"?>
<collection xmlns="http://www.loc.gov/MARC21/slim">
 <record>
  <leader>00597pamaa2200169   4500</leader>
  <controlfield tag="001">0000053488</controlfield>
  <controlfield tag="005">20150521090000.0</controlfield>
  <controlfield tag="008">150521s2001                             eng  </controlfield>
  <datafield tag="020" ind1="0" ind2="0">
   <subfield code="a">190367901x (pbk.) </subfield>
  </datafield>
  <datafield tag="090" ind1="0" ind2="0">
   <subfield code="a">DS489.8 </subfield>
   <subfield code="b">BAL 2001</subfield>
  </datafield>
  <datafield tag="100" ind1="1" ind2="0">
   <subfield code="a">Balasingham </subfield>
  </datafield>
  <datafield tag="245" ind1="1" ind2="4">
   <subfield code="a">The will to freedom : </subfield>
   <subfield code="b">an inside view of Tamil resistance  </subfield>
   <subfield code="c">Adele Balasingham.</subfield>
  </datafield>
  <datafield tag="260" ind1="0" ind2="0">
   <subfield code="a">England: </subfield>
   <subfield code="b">Fairmax Publishing Ltd., </subfield>
   <subfield code="c">2001.</subfield>
  </datafield>
  <datafield tag="300" ind1=" " ind2=" ">
   <subfield code="a">v, 380p.: </subfield>
   <subfield code="b">ill.; </subfield>
   <subfield code="c">24 cm.</subfield>
  </datafield>
  <datafield tag="501" ind1="0" ind2="0">
   <subfield code="a">Library</subfield>
  </datafield>
  <datafield tag="650" ind1="0" ind2="0">
   <subfield code="a">Sri Lanka -- </subfield>
   <subfield code="x">Politics and government </subfield>
  </datafield>
  <datafield tag="650" ind1="0" ind2="0">
   <subfield code="a">Tamil (Indic people) -- </subfield>
   <subfield code="x">Politics and government -- </subfield>
   <subfield code="z">Sri Lanka </subfield>
  </datafield>
 </record>
</collection>
